| 000 | 00512nam a2200181Ia 4500 | ||
|---|---|---|---|
| 008 | 130318s9999 xx 000 0 und d | ||
| 020 | _a849385237 | ||
| 082 | _a005.82 MEN/H | ||
| 100 | _aMenezes, Alfred J | ||
| 245 | _aHandbook of applied cryptography | ||
| 260 |
_bCRC Press _aBoca Raton _c1997 |
||
| 300 | _a780 | ||
| 440 | _aDiscrete Mathematics and it's Applications | ||
| 650 | _aCOMPUTERS SECURITY | ||
| 650 | _aCRYPTOGRAPHY-HANDBOOKS | ||
| 700 | _aVan Oorschot, Paul C | ||
| 700 | _aVanstone, Scott A | ||
| 999 |
_c1228 _d1228 |
||